000 00617nam a2200241Ia 4500
003 OSt
005 20221005122631.0
006 a|||||r|||| 00| 0
007 ta
008 221004b |||||||| |||| 00| 0 tam d
024 _a60199
037 _cTextual
040 _aCRL
_cCRL
_btam
041 _2tam
_atam
082 _aO31,1F50,1:g, 33L8
100 _aGowda K.Kushalappa Tr.
_9632315
245 0 _aKamban
260 _c1978
650 _a TAMIL POETRY
650 _aTAMIL LITERATURE
942 _hO31,1F50,1:g, 33L8
_cTEXL
_2cc
999 _c1044889
_d1044889